El Ambiente internacional que enfrenta América Central (segunda parte)

Guardado en:
Bibliografiske detaljer
Format: Texto
Fag:
Tags: Tilføj Tag
Ingen Tags, Vær først til at tagge denne postø!

MARC

LEADER 00000 a a2200000 04500
001 5987
003
040
245 |a El Ambiente internacional que enfrenta América Central (segunda parte)  
650 |a INTEGRACION REGIONAL  
650 |a COOPERACION INTERNACIONAL  
650 |a ORGANIZACIONES INTERGUBERNAMENTALES  
650 |a AJUSTE ESTRUCTURAL  
650 |a RECUPERACION ECONOMICA  
773 |g volumen 16, número 671; páginas 10-12  
999 |c 25130  |d 25130